| 000 | 00598nam a2200205Ia 4500 | ||
|---|---|---|---|
| 005 | 20250923145305.0 | ||
| 008 | 008 250917s9999 xx 000 0 eng d | ||
| 037 | _aTextual | ||
| 040 |
_aDSWL _beng _cDSWL |
||
| 041 |
_aeng _2eng |
||
| 084 |
_aY:5.1, N64 _qDSWL |
||
| 100 |
_aCarr-Saunders, A.M. _9833745 |
||
| 245 | 0 |
_aWorld Population : Past Growth and Present trand _c by A.M.Carr-Saunders |
|
| 260 |
_aLondon _bFrank Cass & Co. Ltd. _c1964 |
||
| 300 | _axv,336 p. | ||
| 365 |
_aINR _b45 . |
||
| 925 | _g45 . | ||
| 942 |
_cTEXL _hY:5.1, N64 |
||
| 999 |
_c1449550 _d1449550 |
||